[Event "Split op 12th"]
[Site "Split"]
[Date "2023.08.06"]
[Round "3"]
[White "Kopylov, Michael"]
[Black "Grgantov, Marin"]
[Result "1/2-1/2"]
[WhiteElo "2367"]
[BlackElo "2109"]
[PlyCount "101"]
[EventDate "2023.08.05"]
[EventType "swiss"]
[EventRounds "9"]
[EventCountry "CRO"]
[SourceTitle "CBM 215 Extra"]
[Source "ChessBase"]
[SourceDate "2023.09.30"]
[SourceVersion "1"]
[SourceVersionDate "2023.09.30"]
[SourceQuality "1"]

1. d4 Nf6 2. Nf3 d5 3. c4 e6 4. g3 dxc4 5. Qa4+ Nc6 6. Bg2 Bb4+ 7. Bd2 Nd5 8. Bxb4 Ndxb4 9. 0-0 Rb8 10. Na3 0-0 11. Qb5 b6 12. Qxc4 Ba6 13. Nb5 Qe8 14. Rfc1 Nd5 15. Qxc6 Qxc6 16. Rxc6 Bxb5 17. Rc2 c5 18. dxc5 bxc5 19. Rxc5 Bxe2 20. b3 Rfc8 21. Rac1 Ne7 22. Rc7 Kf8 23. h4 a6 24. Nd4 Bd3 25. Bf1 Rxc7 26. Rxc7 Bxf1 27. Kxf1 Rb6 28. Ke2 Rd6 29. Nf3 f6 30. Nd2 Rc6 31. Ra7 Nd5 32. a3 Nc3+ 33. Kd3 Nb5 34. Ra8+ Ke7 35. Nc4 Nc7 36. Rb8 Rc5 37. a4 h5 38. b4 Rd5+ 39. Ke3 g5 40. hxg5 Rxg5 41. Kd3 Rf5 42. Ke2 h4 43. gxh4 Rf4 44. Kd3 Rxh4 45. b5 axb5 46. axb5 Rh3+ 47. Kd2 Rb3 48. b6 Na6 49. Ra8 Nc5 50. Ra7+ Kd8 51. Rc7 1/2-1/2

[Event "Solta op 6th"]
[Site "Grohote"]
[Date "2023.07.05"]
[Round "9"]
[White "Grgantov, Marin"]
[Black "Lalic, Kristijan"]
[Result "0-1"]
[WhiteElo "2145"]
[BlackElo "2257"]
[PlyCount "62"]
[EventDate "2023.06.27"]
[EventType "swiss"]
[EventRounds "9"]
[EventCountry "CRO"]
[SourceTitle "EXT 2024"]
[Source "ChessBase"]
[SourceDate "2023.10.10"]
[SourceVersion "1"]
[SourceVersionDate "2023.10.10"]
[SourceQuality "1"]

1. Nf3 Nf6 2. b3 g6 3. Bb2 Bg7 4. g3 c5 5. Bg2 0-0 6. 0-0 Nc6 7. d3 d5 8. Nbd2 h6 9. a4 Be6 10. Re1 Qd7 11. e4 dxe4 12. dxe4 Rfd8 13. Qe2 Nd4 14. Bxd4 cxd4 15. Ne5 Qc7 16. Ndc4 Nd7 17. Nxd7 Rxd7 18. Rad1 Rc8 19. Bf1 a6 20. Rd2 Qd8 21. Nb2 d3 22. Nxd3 Bc3 23. Red1 Qa5 24. Qe3 Bg4 25. Bg2 Bxd1 26. Rxd1 Bg7 27. Rd2 Qc3 28. Re2 e5 29. Qa7 Qc7 30. Ne1 Bf8 31. Nd3 Bc5 0-1